[Event "Wil Acrevis op 1st"]
[Site "Wil"]
[Date "2020.06.21"]
[Round "4"]
[White "Dhenin, Philippe"]
[Black "Saxer, Bruno"]
[Result "1-0"]
[WhiteElo "1833"]
[BlackElo "1606"]
[PlyCount "71"]
[EventDate "2020.06.19"]
[EventType "swiss"]
[EventRounds "5"]
[EventCountry "SUI"]
[SourceTitle "CBM 197 Extra"]
[Source "ChessBase"]
[SourceDate "2020.09.30"]
[SourceVersion "1"]
[SourceVersionDate "2020.09.30"]
[SourceQuality "1"]

1. e4 e6 2. d4 d5 3. Nc3 Bb4 4. e5 c5 5. Bd2 cxd4 6. Nb5 Bxd2+ 7. Qxd2 Nc6 8. Nd6+ Kf8 9. f4 f6 10. Nxc8 fxe5 11. fxe5 Qh4+ 12. Qf2+ Qxf2+ 13. Kxf2 Rxc8 14. Nf3 Ke7 15. Bd3 Nh6 16. h3 Nf7 17. Rhe1 Rcf8 18. Kg1 h6 19. Bb5 Nfd8 20. Rad1 Rf4 21. Bd3 g5 22. Kh2 Rg8 23. Re2 Nf7 24. Bb5 g4 25. hxg4 Rgxg4 26. Bxc6 bxc6 27. Rd3 c5 28. Ra3 Re4 29. Rxa7+ Kf8 30. Rf2 Ref4 31. Rd2 Rf5 32. a4 Rh5+ 33. Kg1 Rf5 34. Rd3 Nxe5 35. Nxe5 Rxe5 36. Rb3 1-0

[Event "Wil Acrevis op 1st"]
[Site "Wil"]
[Date "2020.06.21"]
[Round "5"]
[White "Joller, Hans"]
[Black "Dhenin, Philippe"]
[Result "1-0"]
[WhiteElo "1756"]
[BlackElo "1833"]
[PlyCount "105"]
[EventDate "2020.06.19"]
[EventType "swiss"]
[EventRounds "5"]
[EventCountry "SUI"]
[SourceTitle "CBM 197 Extra"]
[Source "ChessBase"]
[SourceDate "2020.09.30"]
[SourceVersion "1"]
[SourceVersionDate "2020.09.30"]
[SourceQuality "1"]

1. e4 c5 2. d4 cxd4 3. c3 d3 4. Qxd3 Nc6 5. Qg3 g6 6. Be3 Bg7 7. Nd2 d6 8. f4 Nf6 9. Be2 Bd7 10. Bf3 Rc8 11. Ne2 b5 12. 0-0 Qc7 13. Rae1 h5 14. h3 h4 15. Qf2 Nh5 16. f5 Ne5 17. fxg6 fxg6 18. Bxh5 gxh5 19. Qxh4 Bf6 20. Rxf6 exf6 21. Rf1 Rf8 22. Qxh5+ Ke7 23. Nf4 Be6 24. Nxe6 Kxe6 25. Qf5+ Ke7 26. Nb3 Qd7 27. Qf2 Rf7 28. Nd4 Rh8 29. Nf5+ Ke8 30. Rd1 Qe6 31. Nxd6+ Kf8 32. Nxf7 Kxf7 33. b3 Rg8 34. Bf4 Re8 35. Rd4 Nd7 36. Qh4 Rg8 37. Rd6 Qe7 38. Qh5+ Rg6 39. Qd5+ Kf8 40. Re6 f5 41. Rxe7 Kxe7 42. exf5 Ra6 43. Bg5+ Ke8 44. Qa8+ Kf7 45. Qb7 Rd6 46. Qxa7 Rd1+ 47. Kh2 Kg8 48. Qa8+ Kg7 49. Qb7 Kf7 50. Qxb5 Rd6 51. Qc4+ Kg7 52. h4 Rd2 53. f6+ 1-0